Statistics for Color Combinations Quiz

Click here to take the quiz!

General Stats

  • This quiz has been taken 25 times
  • The average score is 5 of 7

Answer Stats

CombinationAnswer% Correct
Blue + Yellow =Green
100%
Red + Yellow =Orange
100%
Red + Green =Brown
83%
Red + Blue =Purple
83%
Blue + Green =Cyan
50%
Red + Yellow + Blue =Black
33%
Cyan + Magenta =Blue
25%

Score Distribution

Percentile by Number Answered

Percent of People with Each Score

Your Score History

You have not taken this quiz